| 000 | 00638nam a2200193 u 4500 | ||
|---|---|---|---|
| 001 | 000622005 | ||
| 003 | AM-YeHGA | ||
| 005 | 20250618073133.0 | ||
| 008 | 070920s1869 gs r 000 0 arm d | ||
| 040 | _aAM-YeHGA | ||
| 041 | 0 | _aarm | |
| 245 | 0 | 0 |
_aԸնթերցարան հայ երեխաների համար / _cԱշխատասիր.՝ Գ.Տ.Ա. եւ Ա.Ե. |
| 250 | _a3-րդ տիպ | ||
| 260 |
_aԹիֆլիս : _bտպ. Հ. Էնֆիաճեանցի եւ ընկ., _c1869. |
||
| 300 |
_a104 էջ ; _c19 սմ. |
||
| 650 | 1 | 4 |
_aՀայոց լեզու _vԸնթերցարան _94817 |
| 700 | 0 |
_aԱ.Ե _eաշխատասիր. _4com |
|
| 090 | _c214274 | ||
| 999 |
_c212761 _d212761 |
||